La cerámica antigua de Talavera / (Record no. 118059)

MARC details
000 -LEADER
campo de control de longitud fija 01113nam a2200217 i 4500
001 - NÚMERO DE CONTROL
campo de control 118059
003 - IDENTIFICADOR DE NÚMERO DE CONTROL
campo de control ES-MaACL
005 - FECHA Y HORA DE LA ÚLTIMA TRANSACCIÓN
campo de control 20240312062544.0
007 - CAMPO FIJO DE DESCRIPCIÓN FÍSICA--INFORMACIÓN GENERAL
campo de control de longitud fija t|
008 - DATOS DE LONGITUD FIJA--INFORMACIÓN GENERAL
campo de control de longitud fija 070214s1919 sp f |||| | spa d
100 1# - ENTRADA PRINCIPAL--NOMBRE DE PERSONA
Nombre de persona Páramo, Platón.
9 (RLIN) 88932
245 13 - MENCIÓN DEL TÍTULO
Título La cerámica antigua de Talavera /
Mención de responsabilidad, etc. Platón Páramo.
260 ## - PUBLICACIÓN, DISTRIBUCIÓN, ETC.
Lugar de publicación, distribución, etc. Madrid :
Nombre del editor, distribuidor, etc. [s. n.],
Fecha de publicación, distribución, etc. 1919 (
Fabricante Imp. Clásica Española)
300 ## - DESCRIPCIÓN FÍSICA
Extensión 47 p., [20] h. de lám. ;
Dimensiones 28 cm.
594 ## - Nota al título y mención de responsabilidad
Nota al título y mención de responsabilidad En preámbulo: "Invitado el año anterior por los señores Lampérez y Lafora, presidente y secretario, respectivamente, de la Sección de Artes Plásticas del Ateneo, para dar una conferencia con proyecciones sobre la cerámica antigua de Talavera, este libro no será más que la reproducción, pequeñamente ampliada de dicha conferencia, con sólo la variante de sustituir las proyecciones por láminas de fototipia"
610 24 - PUNTO DE ACCESO ADICIONAL DE MATERIA--NOMBRE DE ENTIDAD CORPORATIVA
Nombre de entidad corporativa o nombre de jurisdicción como elemento de entrada Ateneo de Madrid-
Subdivisión de forma Conferencias-
Subdivisión cronológica 1900-1939
9 (RLIN) 1907
650 #4 - PUNTO DE ACCESO ADICIONAL DE MATERIA--TÉRMINO DE MATERIA
Término de materia o nombre geográfico como elemento de entrada Cerámica de Talavera.
9 (RLIN) 147824
710 2# - ENTRADA AGREGADA--NOMBRE DE ENTIDAD CORPORATIVA
Nombre de entidad corporativa o nombre de jurisdicción como elemento de entrada Ateneo de Madrid.
Unidad subordinada Sección de Artes Plásticas.
9 (RLIN) 1970
852 ## - LOCALIZACIÓN
Ubicación ES-MaACL
Número de control de estantería G-7764
Holdings
Estatus retirado Estado de pérdida Estado de daño No para préstamo Colección Biblioteca de origen Biblioteca actual Ubicación en estantería Fecha de adquisición Fuente de adquisición Total de préstamos Signatura topográfica completa Código de barras Visto por última vez Precio de reemplazo Tipo de ítem Koha
        Fondo Ateneo de Madrid Biblioteca del Ateneo de Madrid Biblioteca del Ateneo de Madrid Sala Pecera Planta 3 17/01/2008     G-7764 1123079 23/02/2023 23/02/2023 Libro impreso